[Event "18. Open de la Constitución 2016"]
[Site "San Sebastian de los Reyes ES"]
[Date "2016.12.09"]
[Round "7.15"]
[White "Ruiz Quevedo, Andres"]
[Black "Caravantes Camacho, Fernando"]
[Result "1-0"]
[WhiteElo "1953"]
[BlackElo "1630"]
[PlyCount "183"]
[EventDate "2016.12.03"]
[EventType "swiss"]
[EventRounds "9"]
[EventCountry "ESP"]
[SourceTitle "Ajedrez en Madrid"]
[Source "lmi"]
[SourceDate "2016.12.03"]

1. Nf3 Nf6 2. g3 g6 3. Bg2 Bg7 4. O-O O-O 5. c4 c5 6. Nc3 Nc6 7. d4 Nxd4 8.
Nxd4 cxd4 9. Qxd4 a6 10. Qd3 d6 11. Bg5 Nd7 12. b3 h6 13. Be3 Qa5 14. Rac1 Re8
15. Rfd1 Nc5 16. Qd2 Kh7 17. Nd5 Qxd2 18. Rxd2 Rb8 19. b4 Ne6 20. Nb6 Nd8 21.
Nxc8 Rxc8 22. Bh3 Ne6 23. Rdc2 f5 24. Bg2 Nd4 25. Bxd4 Bxd4 26. e3 Ba7 27. Bxb7
Rb8 28. Bc6 Rec8 29. b5 axb5 30. cxb5 Rc7 31. Kf1 Kg7 32. Ke2 Bb6 33. Rc4 Ra7
34. R1c2 Rc8 35. Kd2 Kf6 36. Kc1 Rcc7 37. Kb2 e6 38. e4 Ra5 39. exf5 gxf5 40.
Kb3 Raa7 41. Rh4 Kg7 42. Re2 Re7 43. Rd2 d5 44. Re2 d4 45. f3 Kg6 46. g4 f4 47.
Rh5 Ba5 48. Be4+ Kg7 49. Rg2 Rac7 50. Bc6 d3 51. Rg1 e5 52. g5 hxg5 53. Rgxg5+
Kf6 54. Rf5+ Kg7 55. Rhg5+ Kh6 56. h4 e4 57. Rf6+ Kh7 58. Bxe4+ Rxe4 59. fxe4
d2 60. Rd6 Rc1 61. Rgd5 Rb1+ 62. Kc2 Rc1+ 63. Kb2 f3 64. Rxd2 Bxd2 65. Rxd2 Re1
66. Kc2 Rxe4 67. a3 Re3 68. b6 Re6 69. Rf2 Rxb6 70. Rxf3 Kh6 71. Rf4 Kh5 72.
Kc3 Rb1 73. Rb4 Rc1+ 74. Kb2 Rc8 75. a4 Kg6 76. Rb5 Kf6 77. a5 Ke7 78. Kb3 Kd7
79. h5 Kc6 80. Kb4 Re8 81. Rb6+ Kc7 82. h6 Re4+ 83. Kb5 Re5+ 84. Ka6 Re8 85.
Rg6 Rh8 86. Rg7+ Kc6 87. Rg6+ Kc7 88. Kb5 Kb8 89. Kb6 Ka8 90. h7 Rb8+ 91. Ka6
Rb6+ 92. axb6 1-0

[Event "18. Open de la Constitución 2016"]
[Site "San Sebastian de los Reyes ES"]
[Date "2016.12.09"]
[Round "7.16"]
[White "Marcos Herrero, Francisco"]
[Black "Hernandez Ramos, Alberto"]
[Result "0-1"]
[WhiteElo "1996"]
[BlackElo "1666"]
[PlyCount "54"]
[EventDate "2016.12.03"]
[EventType "swiss"]
[EventRounds "9"]
[EventCountry "ESP"]
[SourceTitle "Ajedrez en Madrid"]
[Source "lmi"]
[SourceDate "2016.12.03"]

1. Nf3 d5 2. c4 dxc4 3. g3 Nc6 4. Bg2 Nf6 5. Qc2 e5 6. Qxc4 Bd6 7. Nc3 O-O 8.
d3 Be6 9. Qa4 Qd7 10. O-O h6 11. Re1 Rab8 12. a3 b5 13. Qc2 b4 14. axb4 Nxb4
15. Qa4 Qxa4 16. Rxa4 a6 17. Nd2 Bg4 18. Nde4 Nxe4 19. Bxe4 f5 20. Bg2 Rfe8 21.
Kf1 f4 22. Nd5 f3 23. exf3 Bd7 24. Rxb4 Bxb4 25. Nxc7 Bxe1 26. Nxe8 Bb4 27. Nc7
Rc8 0-1

[Event "18. Open de la Constitución 2016"]
[Site "San Sebastian de los Reyes ES"]
[Date "2016.12.09"]
[Round "7.17"]
[White "Arroyo Martinez, Fernando"]
[Black "Llamas Aliste, Alberto"]
[Result "1-0"]
[WhiteElo "1967"]
[BlackElo "1663"]
[PlyCount "67"]
[EventDate "2016.12.03"]
[EventType "swiss"]
[EventRounds "9"]
[EventCountry "ESP"]
[SourceTitle "Ajedrez en Madrid"]
[Source "lmi"]
[SourceDate "2016.12.03"]

1. e4 d5 2. exd5 Nf6 3. d4 Nxd5 4. c4 Nb6 5. Nc3 Bf5 6. Qf3 e6 7. Be3 Nc6 8.
Rd1 Nb4 9. Be2 c6 10. Qg3 Nc2+ 11. Kf1 Nxe3+ 12. fxe3 Qf6 13. Nf3 O-O-O 14. e4
Bg6 15. e5 Qe7 16. a3 h5 17. h4 Bc2 18. Rd2 Bb3 19. Ne4 Nxc4 20. Rd3 Bc2 21.
Rc3 Bxe4 22. Rxc4 Bxf3 23. Bxf3 Qc7 24. Kf2 Qb6 25. Rhc1 Qxb2+ 26. R1c2 Qxa3
27. Qf4 Rd7 28. Bxc6 bxc6 29. Rxc6+ Kb7 30. Qe4 Qb3 31. R6c3+ Qd5 32. Rb2+ Ka6
33. Qd3+ Ka5 34. Ra3+ 1-0

[Event "18. Open de la Constitución 2016"]
[Site "San Sebastian de los Reyes ES"]
[Date "2016.12.09"]
[Round "7.18"]
[White "Martinez Miura, Enrique"]
[Black "Alonso Garuti, Luis E"]
[Result "0-1"]
[WhiteElo "1620"]
[BlackElo "1844"]
[PlyCount "80"]
[EventDate "2016.12.03"]
[EventType "swiss"]
[EventRounds "9"]
[EventCountry "ESP"]
[SourceTitle "Ajedrez en Madrid"]
[Source "lmi"]
[SourceDate "2016.12.03"]

1. e4 c5 2. Nc3 Nc6 3. Nf3 Nf6 4. d4 cxd4 5. Nxd4 d6 6. Be2 g6 7. O-O Bg7 8.
Be3 O-O 9. h3 a6 10. Qd2 Qc7 11. f4 Bd7 12. Bf3 Nxd4 13. Bxd4 e5 14. fxe5 dxe5
15. Be3 Be6 16. Qf2 Rac8 17. Rac1 b5 18. a3 Qc6 19. Rfd1 Rfd8 20. Bb6 Rxd1+ 21.
Rxd1 Kh8 22. Kh1 h6 23. Be3 Kh7 24. Qd2 Ne8 25. Be2 f5 26. Bf3 f4 27. Bg1 a5
28. Rc1 Nd6 29. Qf2 Nc4 30. Nd5 Nxb2 31. Ne7 Nd3 32. Nxc6 Nxf2+ 33. Bxf2 Rxc6
34. Be1 a4 35. Bb4 Kg8 36. c3 Bf8 37. Rd1 Bxb4 38. cxb4 Rc3 39. Ra1 Kf7 40. Kg1
Bxh3 0-1

[Event "18. Open de la Constitución 2016"]
[Site "San Sebastian de los Reyes ES"]
[Date "2016.12.09"]
[Round "7.19"]
[White "Llamas Martinez, Pablo"]
[Black "Tarrio Ocana, Jose Manuel"]
[Result "1-0"]
[WhiteElo "1411"]
[BlackElo "1835"]
[PlyCount "59"]
[EventDate "2016.12.03"]
[EventType "swiss"]
[EventRounds "9"]
[EventCountry "ESP"]
[SourceTitle "Ajedrez en Madrid"]
[Source "lmi"]
[SourceDate "2016.12.03"]

1. e4 e6 2. d4 d5 3. e5 c5 4. c3 Nc6 5. Nf3 Qb6 6. Bd3 Bd7 7. O-O cxd4 8. cxd4
Rc8 9. Nbd2 Nh6 10. Nb3 Be7 11. Bxh6 gxh6 12. Rc1 a5 13. Qd2 a4 14. Nc5 Nxd4
15. Nxa4 Nxf3+ 16. gxf3 Qd8 17. Rxc8 Bxc8 18. Rc1 Bd7 19. Nc5 Bxc5 20. Rxc5 Qh4
21. Bb5 Rg8+ 22. Kh1 Ke7 23. Rc7 Rd8 24. Qc3 Qxf2 25. Qa3+ Ke8 26. Bxd7+ Rxd7
27. Rc8+ Rd8 28. Qa4+ Kf8 29. Rxd8+ Kg7 30. Qg4# 1-0

[Event "18. Open de la Constitución 2016"]
[Site "San Sebastian de los Reyes ES"]
[Date "2016.12.09"]
[Round "7.20"]
[White "Reyes Penas, Sebastian"]
[Black "Medina Balenciaga, Patricio"]
[Result "1-0"]
[WhiteElo "1832"]
[BlackElo "1416"]
[PlyCount "65"]
[EventDate "2016.12.03"]
[EventType "swiss"]
[EventRounds "9"]
[EventCountry "ESP"]
[SourceTitle "Ajedrez en Madrid"]
[Source "lmi"]
[SourceDate "2016.12.03"]

1. e4 e5 2. Nf3 d6 3. d4 Bg4 4. dxe5 Bxf3 5. Qxf3 dxe5 6. Bc4 Nf6 7. Qb3 Bd6 8.
Bxf7+ Kf8 9. Nc3 Nc6 10. Be3 Na5 11. Qe6 Qe7 12. Qxe7+ Kxe7 13. Bb3 Bb4 14. f3
c6 15. a3 Bxc3+ 16. bxc3 b5 17. Bc5+ Ke8 18. O-O Nb7 19. Be3 Ke7 20. c4 a6 21.
cxb5 axb5 22. c4 Rhd8 23. cxb5 cxb5 24. Rfd1 Na5 25. Bc5+ Ke8 26. Be6 Rxd1+ 27.
Rxd1 Rd8 28. Bf7+ Kxf7 29. Rxd8 Nb7 30. Rc8 Nd7 31. Bb4 Ke6 32. Rc6+ Kf7 33.
Rc7 1-0

[Event "18. Open de la Constitución 2016"]
[Site "San Sebastian de los Reyes ES"]
[Date "2016.12.09"]
[Round "7.21"]
[White "Gonzalez Morente, Jose A"]
[Black "Martin Manzano, Antonio"]
[Result "0-1"]
[WhiteElo "1368"]
[BlackElo "1818"]
[PlyCount "54"]
[EventDate "2016.12.03"]
[EventType "swiss"]
[EventRounds "9"]
[EventCountry "ESP"]
[SourceTitle "Ajedrez en Madrid"]
[Source "lmi"]
[SourceDate "2016.12.03"]

1. c4 e5 2. Nc3 Bb4 3. Nf3 Nc6 4. g3 f5 5. e4 Bxc3 6. dxc3 fxe4 7. Ng5 Nf6 8.
Bg2 d6 9. Nxe4 Bf5 10. Nxf6+ Qxf6 11. O-O O-O 12. c5 Rad8 13. Qb3+ Be6 14. Qxb7
Bc4 15. Be3 Bxf1 16. Rxf1 Ne7 17. cxd6 cxd6 18. Qxa7 Nf5 19. Bd2 d5 20. Qa4 e4
21. Be3 Ra8 22. Qb3 Nxe3 23. fxe3 Qg5 24. Rf4 Rfb8 25. Qc2 Rxa2 26. Bxe4 dxe4
27. Rxe4 Rbxb2 0-1

[Event "18. Open de la Constitución 2016"]
[Site "San Sebastian de los Reyes ES"]
[Date "2016.12.09"]
[Round "7.22"]
[White "Guzman Castro, Enrique"]
[Black "Doval Mancheno, Pablo"]
[Result "1-0"]
[WhiteElo "1742"]
[BlackElo "1629"]
[PlyCount "117"]
[EventDate "2016.12.03"]
[EventType "swiss"]
[EventRounds "9"]
[EventCountry "ESP"]
[SourceTitle "Ajedrez en Madrid"]
[Source "lmi"]
[SourceDate "2016.12.03"]

1. e4 e5 2. f4 d5 3. exd5 e4 4. Bb5+ Bd7 5. Qe2 Nf6 6. Nc3 Bc5 7. Nxe4 O-O 8.
Bxd7 Nbxd7 9. Kf1 Nxe4 10. Qxe4 Re8 11. Qf3 Bxg1 12. Rxg1 Qe7 13. Qf2 Nf6 14.
g4 Ne4 15. Qf3 Qc5 16. d3 Nf6 17. Qf2 Qxd5 18. Bd2 Qc6 19. Bc3 Nd5 20. Be5 f6
21. Bd4 Qd6 22. g5 f5 23. Be5 Qb6 24. Qxb6 axb6 25. Kf2 Nb4 26. a3 Na6 27. d4
Rad8 28. h4 Rxe5 29. dxe5 Rd2+ 30. Ke3 Rxc2 31. b4 Kf7 32. Rad1 Ke7 33. h5 Rc3+
34. Rd3 Rxd3+ 35. Kxd3 c6 36. h6 g6 37. Kc4 Nc7 38. Kd4 Ke6 39. Ke3 Nd5+ 40.
Kf3 Nc7 41. Rd1 Nd5 42. Rd3 Ke7 43. b5 Ke6 44. bxc6 bxc6 45. Rd4 b5 46. a4 c5
47. Rxd5 Kxd5 48. axb5 c4 49. Ke3 c3 50. b6 c2 51. Kd2 Ke4 52. e6 Kxf4 53. b7
Kg3 54. e7 f4 55. b8=Q Kg4 56. e8=Q Kxg5 57. Qbe5+ Kxh6 58. Qxf4+ Kh5 59. Qb5+
1-0

[Event "18. Open de la Constitución 2016"]
[Site "San Sebastian de los Reyes ES"]
[Date "2016.12.09"]
[Round "7.23"]
[White "Morata Palacios, Francisco"]
[Black "Calvo de Castro, Miguel"]
[Result "1/2-1/2"]
[WhiteElo "1757"]
[BlackElo "1787"]
[PlyCount "71"]
[EventDate "2016.12.03"]
[EventType "swiss"]
[EventRounds "9"]
[EventCountry "ESP"]
[SourceTitle "Ajedrez en Madrid"]
[Source "lmi"]
[SourceDate "2016.12.03"]

1. e4 e5 2. Nf3 Nc6 3. Bc4 Nf6 4. d3 d6 5. c3 Na5 6. Bb5+ c6 7. Ba4 b5 8. Bc2
c5 9. O-O Bg4 10. Re1 Nc6 11. h3 Bh5 12. Nbd2 Be7 13. Qe2 O-O 14. a3 a5 15. d4
Qb6 16. g4 Bg6 17. d5 Nd8 18. Nh4 Nd7 19. Nf5 Bxf5 20. gxf5 Bg5 21. Kh1 f6 22.
h4 Bf4 23. a4 b4 24. Nc4 Qc7 25. Bxf4 exf4 26. Rg1 Ne5 27. Nxe5 dxe5 28. d6
Qxd6 29. Bb3+ Kh8 30. h5 Nf7 31. Rad1 Qc7 32. Qb5 Nd6 33. Qd3 Rad8 34. Bd5 Nf7
35. Rg2 Ng5 36. f3 1/2-1/2

[Event "18. Open de la Constitución 2016"]
[Site "San Sebastian de los Reyes ES"]
[Date "2016.12.09"]
[Round "7.24"]
[White "Ortega Morales, Pedro"]
[Black "Garcia Minguez, Antonio"]
[Result "1-0"]
[WhiteElo "1809"]
[BlackElo "1548"]
[PlyCount "67"]
[EventDate "2016.12.03"]
[EventType "swiss"]
[EventRounds "9"]
[EventCountry "ESP"]
[SourceTitle "Ajedrez en Madrid"]
[Source "lmi"]
[SourceDate "2016.12.03"]

1. d4 d5 2. Bf4 Nf6 3. e3 e6 4. Nf3 c5 5. c3 Nc6 6. Nbd2 Be7 7. Bd3 O-O 8. Ne5
cxd4 9. exd4 Nxe5 10. dxe5 Nd7 11. h4 Nc5 12. Bc2 f5 13. exf6 Bxf6 14. Be3 b6
15. h5 h6 16. Qe2 d4 17. cxd4 Bxd4 18. O-O-O Bxe3 19. Qxe3 Qf6 20. f3 Bb7 21.
Kb1 Bd5 22. Ne4 Qf4 23. Qxf4 Rxf4 24. Nc3 Bc4 25. Rhe1 Rff8 26. b3 Ba6 27. b4
Nb7 28. b5 Rac8 29. bxa6 Nc5 30. Bd3 Rfd8 31. Bc4 Re8 32. Nb5 Kh8 33. Nd6 Nd3
34. Bxd3 1-0

[Event "18. Open de la Constitución 2016"]
[Site "San Sebastian de los Reyes ES"]
[Date "2016.12.09"]
[Round "7.28"]
[White "Alfaya Martinez, Enrique"]
[Black "Garcia Lopez, Fernando"]
[Result "0-1"]
[WhiteElo "1584"]
[BlackElo "1608"]
[PlyCount "94"]
[EventDate "2016.12.03"]
[EventType "swiss"]
[EventRounds "9"]
[EventCountry "ESP"]
[SourceTitle "Ajedrez en Madrid"]
[Source "lmi"]
[SourceDate "2016.12.03"]

1. d4 Nf6 2. Nf3 e6 3. Bf4 d5 4. e3 Nh5 5. Bg3 Nxg3 6. hxg3 Nc6 7. Bd3 h6 8. c3
Bd7 9. Nbd2 Qe7 10. Qe2 O-O-O 11. a3 g5 12. c4 Bg7 13. c5 e5 14. dxe5 Nxe5 15.
Nxe5 Qxe5 16. Nf3 Qxb2 17. Qxb2 Bxb2 18. Ra2 Bg7 19. O-O c6 20. a4 f5 21. Nd4
Bxd4 22. exd4 Rhf8 23. Be2 f4 24. g4 Rde8 25. Rb1 Kc7 26. a5 a6 27. Rab2 Rb8
28. f3 Be6 29. Bd3 Bf7 30. Re1 Rfe8 31. Rbe2 Rxe2 32. Rxe2 Re8 33. Rb2 h5 34.
gxh5 Bxh5 35. Kf2 Re3 36. Rd2 g4 37. g3 Rxf3+ 38. Kg2 Rxg3+ 39. Kf2 Rh3 40. Bf5
Rh2+ 41. Ke1 Rxd2 42. Kxd2 g3 43. Bh3 Kd8 44. Ke1 f3 45. Kf1 Bg6 46. Ke1 Bd3
47. Kd2 g2 0-1

[Event "18. Open de la Constitución 2016"]
[Site "San Sebastian de los Reyes ES"]
[Date "2016.12.09"]
[Round "7.29"]
[White "Martin Rodriguez, Jose Luis"]
[Black "Pareja Cerrato, Antonio"]
[Result "0-1"]
[WhiteElo "1343"]
[BlackElo "1549"]
[PlyCount "92"]
[EventDate "2016.12.03"]
[EventType "swiss"]
[EventRounds "9"]
[EventCountry "ESP"]
[SourceTitle "Ajedrez en Madrid"]
[Source "lmi"]
[SourceDate "2016.12.03"]

1. c4 e6 2. Nc3 Nf6 3. e4 Nc6 4. d4 Bb4 5. Bg5 d6 6. Nf3 h6 7. Bxf6 Qxf6 8. Be2
Bd7 9. a3 Bxc3+ 10. bxc3 O-O 11. O-O Rad8 12. Qc2 Rfe8 13. Bd3 e5 14. d5 Ne7
15. a4 Ng6 16. Qe2 Nf4 17. Qe3 Qg6 18. Nh4 Qg4 19. g3 Nxd3 20. Qxd3 Qh5 21. Kg2
g5 22. Nf5 g4 23. Kg1 Bxf5 24. exf5 e4 25. Qe3 b6 26. a5 Re5 27. axb6 axb6 28.
f6 Kh7 29. Ra7 Qh3 30. Rxc7 Rh5 31. Qxe4+ Kg8 32. Qg2 Rf5 33. Qxh3 gxh3 34. Ra1
Rxf6 35. Raa7 Rf3 36. Ra3 Re8 37. Kf1 Rd3 38. Ra1 Rxc3 39. Rc6 Rc2 40. Re1 Ra8
41. Rxd6 Kg7 42. Rxb6 Raa2 43. Reb1 Rxf2+ 44. Ke1 Rxh2 45. R6b2 Raxb2 46. Rxb2
Rxb2 0-1

[Event "18. Open de la Constitución 2016"]
[Site "San Sebastian de los Reyes ES"]
[Date "2016.12.09"]
[Round "7.30"]
[White "Ojosnegros Martin, Angel"]
[Black "Karunanithi, Bharath"]
[Result "0-1"]
[WhiteElo "1547"]
[BlackElo "1345"]
[PlyCount "98"]
[EventDate "2016.12.03"]
[EventType "swiss"]
[EventRounds "9"]
[EventCountry "ESP"]
[SourceTitle "Ajedrez en Madrid"]
[Source "lmi"]
[SourceDate "2016.12.03"]

1. e4 c5 2. Nf3 d6 3. d4 cxd4 4. Nxd4 Nf6 5. Nc3 a6 6. g3 e5 7. Nde2 Be6 8. Bg2
Be7 9. O-O O-O 10. a4 Nbd7 11. h3 h6 12. Be3 Nb6 13. b3 Rc8 14. a5 Nbd7 15. Qd2
Kh8 16. Rfd1 Qc7 17. f4 exf4 18. Bxf4 Ne5 19. Be3 Nfd7 20. Rf1 Nc5 21. Nd5 Bxd5
22. exd5 Ncd7 23. Nd4 Bf6 24. Be4 Ng6 25. Rae1 Be5 26. Kh1 Bxg3 27. Re2 Be5 28.
Rg1 Ne7 29. Bxh6 Rg8 30. Reg2 g6 31. c4 Bg7 32. Nf3 Nc5 33. Bc2 Qd7 34. Rg4 Nf5
35. Bxg7+ Rxg7 36. Bxf5 Qxf5 37. Rh4+ Rh7 38. Qd4+ Kg8 39. Qg4 Qxg4 40. hxg4
Rxh4+ 41. Nxh4 Nxb3 42. Re1 Nxa5 43. Re7 b6 44. Ra7 Nxc4 45. Rxa6 b5 46. Ng2
Rb8 47. Ne1 b4 48. Ra4 b3 49. Ra1 b2 0-1

[Event "18. Open de la Constitución 2016"]
[Site "San Sebastian de los Reyes ES"]
[Date "2016.12.09"]
[Round "7.32"]
[White "Tejerina Rincon, Pablo"]
[Black "Osuna Osuna, Francisco"]
[Result "0-1"]
[WhiteElo "1309"]
[BlackElo "1441"]
[PlyCount "120"]
[EventDate "2016.12.03"]
[EventType "swiss"]
[EventRounds "9"]
[EventCountry "ESP"]
[SourceTitle "Ajedrez en Madrid"]
[Source "lmi"]
[SourceDate "2016.12.03"]

1. e4 g6 2. Nf3 d6 3. Nc3 Nf6 4. d4 Bg7 5. d5 e6 6. Bg5 h6 7. Be3 exd5 8. exd5
Qe7 9. Bd3 Ng4 10. O-O Nxe3 11. fxe3 O-O 12. Qd2 Bg4 13. Rae1 Nd7 14. h3 Bxf3
15. Rxf3 Ne5 16. Rf2 Bf6 17. Ref1 Bh4 18. Re2 Qg5 19. e4 Qxd2 20. Rxd2 Bg5 21.
Rdd1 Be3+ 22. Kh2 a6 23. Ne2 h5 24. c3 h4 25. g3 hxg3+ 26. Kxg3 Kg7 27. Nf4 Rh8
28. Ng2 Bg5 29. h4 Be7 30. Rh1 Rh6 31. Be2 Rah8 32. Rh3 b5 33. b3 Nd7 34. c4
bxc4 35. Bxc4 a5 36. Rb1 g5 37. Rbh1 gxh4+ 38. Nxh4 Bxh4+ 39. Rxh4 Rxh4 40.
Rxh4 Rxh4 41. Kxh4 Kf6 42. Kg4 Ke5 43. Kf3 Nc5 44. a3 Nxe4 45. Ke3 Nc3 46. Kd3
Nxd5 47. Ba6 f5 48. Kc4 f4 49. Kb5 Kd4 50. Kc6 f3 51. b4 axb4 52. axb4 Nxb4+
53. Kxc7 Nxa6+ 54. Kxd6 f2 55. Ke6 f1=Q 56. Kd6 Qf6+ 57. Kd7 Kd5 58. Ke8 Qg7
59. Kd8 Kd6 60. Kc8 Qc7# 0-1

[Event "18. Open de la Constitución 2016"]
[Site "San Sebastian de los Reyes ES"]
[Date "2016.12.09"]
[Round "7.33"]
[White "Vallespin Morales, Antonio"]
[Black "Enriquez Pastor, Jorge"]
[Result "1-0"]
[WhiteElo "1281"]
[BlackElo "1415"]
[PlyCount "68"]
[EventDate "2016.12.03"]
[EventType "swiss"]
[EventRounds "9"]
[EventCountry "ESP"]
[SourceTitle "Ajedrez en Madrid"]
[Source "lmi"]
[SourceDate "2016.12.03"]

1. e4 c6 2. Nf3 d5 3. exd5 cxd5 4. d4 Nf6 5. Ne5 Nc6 6. Bb5 Qa5+ 7. c3 Qxb5 8.
Na3 Qb6 9. O-O Nxe5 10. dxe5 Nd7 11. Qe2 e6 12. Nb5 a6 13. Nd4 Bc5 14. Rd1 Bxd4
15. cxd4 O-O 16. Kh1 Qd8 17. Rd3 Re8 18. Rh3 g6 19. Qe3 f5 20. Qh6 Qe7 21. Bg5
Qg7 22. Qh4 h5 23. Rg1 b5 24. f3 Rf8 25. g4 fxg4 26. fxg4 Qh7 27. gxh5 Rf5 28.
Qg4 Qf7 29. hxg6 Qxg6 30. Qh4 Kf7 31. Bd8 Rf1 32. Rxf1+ Kg7 33. Rg3 Qxg3 34.
Qxg3+ Kh7 1-0

[Event "18. Open de la Constitución 2016"]
[Site "San Sebastian de los Reyes ES"]
[Date "2016.12.09"]
[Round "7.35"]
[White "Tejerina Rincon, Andres"]
[Black "Asins Martin, Jose"]
[Result "0-1"]
[WhiteElo "1238"]
[BlackElo "1323"]
[PlyCount "50"]
[EventDate "2016.12.03"]
[EventType "swiss"]
[EventRounds "9"]
[EventCountry "ESP"]
[SourceTitle "Ajedrez en Madrid"]
[Source "lmi"]
[SourceDate "2016.12.03"]

1. e4 g6 2. d4 Bg7 3. Nf3 d6 4. Be3 b6 5. Nc3 c5 6. Qe2 cxd4 7. Nxd4 e5 8. Ndb5
a6 9. a4 Bb7 10. Nd5 Bxd5 11. exd5 Nd7 12. f4 axb5 13. fxe5 Bxe5 14. O-O-O bxa4
15. Qd3 Ngf6 16. Qa3 Ne4 17. Bd3 Qf6 18. Rhf1 Qh4 19. Qb4 f5 20. g3 Qd8 21. h3
Nxg3 22. Bf4 Nxf1 23. Rxf1 Qh4 24. Bxe5 Qxb4 25. Re1 Qxe1# 0-1

[Event "18. Open de la Constitución 2016"]
[Site "San Sebastian de los Reyes ES"]
[Date "2016.12.10"]
[Round "8.1"]
[White "Perez Gonzalez, Jose Manuel"]
[Black "Suarez Uriel, Adrian"]
[Result "1/2-1/2"]
[WhiteElo "2315"]
[BlackElo "2360"]
[PlyCount "101"]
[EventDate "2016.12.03"]
[EventType "swiss"]
[EventRounds "9"]
[EventCountry "ESP"]
[SourceTitle "Ajedrez en Madrid"]
[Source "lmi"]
[SourceDate "2016.12.03"]

1. e4 c5 2. Nf3 d6 3. d4 cxd4 4. Nxd4 Nf6 5. Nc3 Bd7 6. Bc4 Nc6 7. Bb3 g6 8. f3
Nxd4 9. Qxd4 Bg7 10. Bg5 O-O 11. O-O-O Qa5 12. Qe3 Bc6 13. Bh6 Qc5 14. Qd2 Bxh6
15. Qxh6 b5 16. Rhe1 b4 17. Nd5 Bxd5 18. Bxd5 Rac8 19. Rd2 a5 20. Qe3 a4 21.
Qxc5 Rxc5 22. b3 a3 23. Rd4 Rb8 24. Rc4 e6 25. Rxc5 dxc5 26. Bc6 Kf8 27. Rd1
Rc8 28. Bb5 e5 29. Rd6 Ke7 30. Rb6 Rc7 31. c3 bxc3 32. Kc2 Nh5 33. g3 Ng7 34.
Bc4 Ne8 35. Ra6 Nd6 36. Rxa3 f5 37. Bd3 h5 38. Ra4 f4 39. gxf4 exf4 40. e5 Nf7
41. Bxg6 Nxe5 42. Bxh5 c4 43. b4 Rd7 44. Kxc3 Rd3+ 45. Kc2 Re3 46. h4 Nc6 47.
b5 Nd4+ 48. Kc1 Ne2+ 49. Kc2 Nd4+ 50. Kc1 Ne2+ 51. Kc2 1/2-1/2

[Event "18. Open de la Constitución 2016"]
[Site "San Sebastian de los Reyes ES"]
[Date "2016.12.10"]
[Round "8.2"]
[White "Hernando Pertierra, Jose C"]
[Black "Fernandez Lledo, Javier"]
[Result "1-0"]
[WhiteElo "2362"]
[BlackElo "2242"]
[PlyCount "55"]
[EventDate "2016.12.03"]
[EventType "swiss"]
[EventRounds "9"]
[EventCountry "ESP"]
[SourceTitle "Ajedrez en Madrid"]
[Source "lmi"]
[SourceDate "2016.12.03"]

1. d4 Nf6 2. Nf3 g6 3. g3 Bg7 4. Bg2 O-O 5. O-O d6 6. c4 Nc6 7. Nc3 a6 8. Bf4
Bf5 9. Qd2 Re8 10. Bh6 Bh8 11. Rad1 Qc8 12. d5 Na5 13. b3 c5 14. dxc6 Nxc6 15.
Bg5 Ne4 16. Nxe4 Bxe4 17. Be3 b5 18. Rc1 bxc4 19. Rxc4 d5 20. Rc5 Qb7 21. Rfc1
Rac8 22. Bh3 e6 23. Ng5 f5 24. f3 d4 25. fxe4 dxe3 26. Qc2 h6 27. Nxe6 Qd7 28.
Rxc6 1-0

[Event "18. Open de la Constitución 2016"]
[Site "San Sebastian de los Reyes ES"]
[Date "2016.12.10"]
[Round "8.3"]
[White "Quevedo Marin, Manuel"]
[Black "Martin Duque, Jesus"]
[Result "0-1"]
[WhiteElo "2267"]
[BlackElo "2295"]
[PlyCount "76"]
[EventDate "2016.12.03"]
[EventType "swiss"]
[EventRounds "9"]
[EventCountry "ESP"]
[SourceTitle "Ajedrez en Madrid"]
[Source "lmi"]
[SourceDate "2016.12.03"]

1. e4 c5 2. Nf3 e6 3. d4 cxd4 4. Nxd4 Nc6 5. Nc3 Qc7 6. Be3 a6 7. Be2 Nf6 8. a3
Be7 9. O-O O-O 10. Kh1 d6 11. f4 Bd7 12. Bf3 Rfe8 13. g4 Nxd4 14. Bxd4 Bc6 15.
g5 Nd7 16. Be3 b5 17. Qe1 Qb7 18. Qg3 a5 19. Qg2 b4 20. Ne2 Qc7 21. Nd4 Bb7 22.
Nb5 Qc4 23. a4 Qc8 24. Rad1 Ra6 25. Rd2 Bf8 26. Bf2 g6 27. Rfd1 e5 28. f5 gxf5
29. Nxd6 Rxd6 30. Rxd6 Bxd6 31. Rxd6 Qc7 32. Rd2 Nf8 33. Re2 Ng6 34. Bg3 Qc6
35. b3 Nf4 36. Bxf4 exf4 37. Qf2 fxe4 38. Qa7 exf3 0-1

[Event "18. Open de la Constitución 2016"]
[Site "San Sebastian de los Reyes ES"]
[Date "2016.12.10"]
[Round "8.4"]
[White "Lozano Suarez, Luis Miguel"]
[Black "Solaesa Navalpotro, Luis Julio"]
[Result "0-1"]
[WhiteElo "2147"]
[BlackElo "2209"]
[PlyCount "78"]
[EventDate "2016.12.03"]
[EventType "swiss"]
[EventRounds "9"]
[EventCountry "ESP"]
[SourceTitle "Ajedrez en Madrid"]
[Source "lmi"]
[SourceDate "2016.12.03"]

1. c4 Nf6 2. g3 c6 3. Bg2 d5 4. Nf3 e6 5. O-O Be7 6. Qc2 O-O 7. d4 b6 8. Nbd2
Bb7 9. Rd1 Nbd7 10. e4 Rc8 11. e5 Ne8 12. cxd5 exd5 13. Nf1 c5 14. Qf5 g6 15.
Qf4 Ng7 16. h4 f6 17. Qd2 fxe5 18. Nxe5 cxd4 19. Ng4 Nf5 20. b3 Nc5 21. Bb2 Ne4
22. Nh6+ Nxh6 23. Qxh6 Bf6 24. Bxe4 dxe4 25. Nh2 Rc2 26. Ba3 Bg7 27. Bxf8 Bxh6
28. Bxh6 Qf6 29. Ng4 Qf3 30. Rxd4 Qxg4 31. Rd8+ Kf7 32. Rad1 Bc6 33. Rf8+ Ke6
34. Rfd8 Rc5 35. R1d6+ Kf7 36. Rf8+ Ke7 37. Rdf6 Be8 38. Rf4 Qe2 39. Kh2 Rf5
0-1

[Event "18. Open de la Constitución 2016"]
[Site "San Sebastian de los Reyes ES"]
[Date "2016.12.10"]
[Round "8.5"]
[White "Rottenwohrer Suarez, Juan"]
[Black "Quintero Torres, Pedro"]
[Result "1/2-1/2"]
[WhiteElo "2171"]
[BlackElo "1932"]
[PlyCount "120"]
[EventDate "2016.12.03"]
[EventType "swiss"]
[EventRounds "9"]
[EventCountry "ESP"]
[SourceTitle "Ajedrez en Madrid"]
[Source "lmi"]
[SourceDate "2016.12.03"]

1. Nf3 e6 2. g3 d5 3. Bg2 Nf6 4. O-O Be7 5. d3 O-O 6. Nbd2 c5 7. e4 dxe4 8.
dxe4 Nc6 9. c3 b6 10. Re1 Bb7 11. Qc2 Qd7 12. Bf1 Qc8 13. a4 Ba6 14. Nc4 Rd8
15. e5 Ne8 16. Ng5 Bxg5 17. Bxg5 Rd7 18. Rad1 h6 19. Bf4 Rxd1 20. Qxd1 Bxc4 21.
Bxc4 Ne7 22. Qg4 Kh8 23. Qh5 Ng6 24. Bc1 Qd7 25. b3 Nc7 26. Rd1 Qe7 27. Bd3 Rd8
28. Bxg6 fxg6 29. Qe2 Nd5 30. Rd3 Nc7 31. Qd1 Rxd3 32. Qxd3 Qf7 33. Kg2 Nd5 34.
Bd2 Qf5 35. Qxf5 gxf5 36. f4 g6 37. Kf2 Kg7 38. Ke2 Kf7 39. Kd3 Ke7 40. Kc4 Nc7
41. b4 cxb4 42. cxb4 Kd7 43. Be3 Kc6 44. b5+ Kb7 45. Bd4 Nd5 46. Kd3 a6 47. Bb2
axb5 48. axb5 Kc7 49. Ba3 Kd7 50. Bf8 h5 51. Bd6 Kc8 52. Kd2 Nc7 53. Bxc7 Kxc7
54. Ke2 Kd7 55. Kf2 Ke7 56. Kg2 Kf7 57. Kh3 Kg7 58. Kh4 Kh6 59. Kh3 g5 60. Kg2
g4 1/2-1/2